[Event "Berlin Kreuzberg op"]
[Site "Berlin"]
[Date "2016.07.20"]
[Round "5"]
[White "Eilenberg, Jonas"]
[Black "Lindenau, Jorge"]
[Result "1/2-1/2"]
[WhiteElo "1485"]
[BlackElo "1992"]
[PlyCount "41"]
[EventDate "2016.07.16"]
[EventType "swiss"]
[EventRounds "9"]
[EventCountry "GER"]
[SourceTitle "CBM 173 Extra"]
[Source "ChessBase"]
[SourceDate "2016.08.29"]
[SourceVersion "1"]
[SourceVersionDate "2016.08.29"]
[SourceQuality "1"]

1. d4 Nf6 2. c4 g6 3. Nc3 d5 4. cxd5 Nxd5 5. e4 Nxc3 6. bxc3 Bg7 7. Qa4+ Nd7 8. Nf3 0-0 9. Bd3 c5 10. Be3 b6 11. 0-0 Qc7 12. Rac1 Nf6 13. h3 e6 14. Rfd1 Bb7 15. Nd2 Nh5 16. e5 Bh8 17. Ne4 c4 18. Bb1 Bxe4 19. Bxe4 Rac8 20. g4 Ng7 21. Bh6 1/2-1/2

[Event "Berlin Kreuzberg op"]
[Site "Berlin"]
[Date "2016.07.19"]
[Round "4"]
[White "Lindenau, Jorge"]
[Black "Gebigke, Martin"]
[Result "1/2-1/2"]
[WhiteElo "1992"]
[BlackElo "2141"]
[PlyCount "170"]
[EventDate "2016.07.16"]
[EventType "swiss"]
[EventRounds "9"]
[EventCountry "GER"]
[SourceTitle "CBM 173 Extra"]
[Source "ChessBase"]
[SourceDate "2016.08.29"]
[SourceVersion "1"]
[SourceVersionDate "2016.08.29"]
[SourceQuality "1"]

1. e4 c5 2. Nf3 d6 3. Bb5+ Bd7 4. Bxd7+ Qxd7 5. c4 Nf6 6. Nc3 g6 7. d4 cxd4 8. Nxd4 Bg7 9. h3 0-0 10. 0-0 Rc8 11. b3 b5 12. Ndxb5 Nxe4 13. Bb2 Nc6 14. Rb1 Nxc3 15. Nxc3 Nd4 16. Nd5 Nf5 17. Re1 Re8 18. Qd3 e5 19. Re2 Qb7 20. Qe4 Rab8 21. Ree1 Re6 22. Qd3 a5 23. Bc3 Qa7 24. Bd2 Rbe8 25. Be3 Nxe3 26. Qxe3 Qxe3 27. Rxe3 Rc8 28. Rd1 Bf8 29. Nb6 Rc6 30. Nd5 f5 31. Nf4 Re8 32. Nd5 Kf7 33. Red3 e4 34. R3d2 Bh6 35. Re2 Bg7 36. Rc2 Be5 37. Nc3 Ra8 38. Nb5 Ke7 39. a4 h5 40. Rcd2 h4 41. Rd5 Rb8 42. Na7 Ra6 43. Nb5 Rc8 44. Kf1 Rcc6 45. Kg1 Ra8 46. Kf1 Raa6 47. Kg1 Ra8 48. Kf1 Rb8 49. Na7 Ra6 50. Nb5 Rc8 51. Kg1 Bf4 52. Kf1 Rcc6 53. Nd4 Rc5 54. Nb5 Rxd5 55. Rxd5 Rc6 56. Na7 Rc5 57. Ke2 Kd7 58. Nb5 Rxd5 59. cxd5 Be5 60. Na3 Bc3 61. f3 exf3+ 62. Kxf3 Ke7 63. Nc4 Bb4 64. Kf4 Kf6 65. Kf3 Kg5 66. Ne3 Kf6 67. Nc4 Kg5 68. Ne3 Kh5 69. Nc2 Bc5 70. Ne1 g5 71. Nd3 Kg6 72. Nxc5 dxc5 73. Ke3 Kf6 74. Kd3 Ke5 75. Kc4 Kd6 76. Kb5 g4 77. Kxa5 gxh3 78. gxh3 f4 79. Kb6 f3 80. a5 f2 81. a6 f1Q 82. a7 Qxh3 83. b4 Qb3 84. b5 Qa4 85. a8Q Qxa8 1/2-1/2